Sampling and statistics

Bibliographic Details
Main Author: Hague, Paul
Other Authors: Harris, Paul
Format: Book
Published: London : Kogan Page , c1993
Subjects:

MARC

LEADER 00000cam a2200000 7i4500
001 0000008429
005 20050423.0
020 |a 0749409169 
040 |a INS 
090 0 0 |a QA276.6.   |b H147 1993 
100 1 |a Hague, Paul 
245 1 0 |a Sampling and statistics   |c Paul Hague 
260 |a London :   |b Kogan Page ,   |c c1993 
300 |a 128p. ;   |c 22cm. 
650 0 0 |a Sampling (Statistics) 
650 0 0 |a Statistics 
700 1 |a Harris, Paul 
999 |a 0000007915   |b BOOK   |c Open Shelf   |e Default branch